Größte Städte in Mecklenburg-Vorpommern nach Buchstabe - Statistiken

Allgemein
  • Dieses Quiz wurde 56 mal gespielt
  • Das Durchschnittsergebnis liegt bei 10 aus 23
Antwortstatistiken
Hint Antwort % Korrekt
S Schwerin
98%
R Rostock
96%
G Greifswald
91%
N Neubrandenburg
91%
W Wismar
91%
A Anklam
70%
B Bergen auf Rügen
68%
P Parchim
64%
L Ludwigslust
57%
D Demmin
43%
H Hagenow
43%
U Ueckermünde
43%
T Torgelow
38%
M Malchin
30%
K Kühlungsborn
28%
J Jarmen
19%
Z Zarrentin am Schaalsee
17%
C Crivitz
15%
F Friedland
13%
E Eggesin
11%
V Vellahn
2%
I Insel Poel
0%
O Obere Warnow
0%
Keine übereinstimmenden Quizze gefunden
Verteilung der Resultate
Anzahl Personen mit jedem Resultat
Perzentil nach korrekt beantworteten Fragen
Ihre Resultats-Entwicklung
Sie haben dieses Quiz noch nicht gespielt